00670nam a2200229Ia 4500003000900000008004100009040001300050040001300063041000800076100001800084245003500102250001200137260001200149260000900161300001100170300001000181490001800191490000700209942000700216999001700223952020000240IT-RoPAU120407s9999 xx 000 0 und d aIT-RoPAU cIT-RoPAU aita aMartin Hengel aLa storiografia protocristiana aBrescia aPaideia c1985 a190 p. c21 cm aStudi biblici v73 cBK c27848d27848 00102ddc406222_77300000000000071aPAULUSbPAULUSd2012-04-11l0o222.773r2012-04-11 00:00:00w2012-04-11yBKzInserito da: LUCIA In data: 02 settembre 2011 fondo: Via A.Severo 56 Progr:21998